Szczegóły MARC21

Płeć mózgu : o prawdziwej różnicy między mężczyzną a kobietą /

003 -Nazwa inst., której nr kontr. jest w polu 001 [,]
    • @
    • Nazwa instytucji, której n kontrolny jest w polu 001
    • NUKAT
005 -DATA I CZAS OSTATNIEJ MODYFIKACJI [,]
    • @
    • pole kontrolne
    • 20241231102938.0
020 -Międzynarod. znormalizowany nr książki - ISBN [ , ]
    • a
    • Numer ISBN
    • 8306023218 Find
040 -Instytucja sporządzająca opis [ , ]
    • a
    • Instytucja, która sporządziła opis (NP)
    • LUBL M/KW
    • c
    • Instytucja, która sporządziła rekord (NP)
    • LUBL M/KW
    • d
    • Instytucja, która zmodyfikowała rekord (P)
    • LUBL M/KWs
    • d
    • Instytucja, która zmodyfikowała rekord (P)
    • LUBL M/IK
041 -Język dokumentu [1, ]
    • a
    • Język tekstu (P)
    • polski
    • h
    • Język tekstu oryginalnego i/lub pośredniego (P)
    • angielski
942 -Rodzaj dokumentu [ , ]
    • c
    • Rodzaj dokumentu
    • Książka
100 -Hasło główne - nazwa osobowa [1, ]
    • a
    • Nazwa osobowa (NP)
    • Moir, Anne.
    • 9
    • KHW
    • 433415
240 -Tytuł ujednolicony [1,0]
    • a
    • Tytuł ujednolicony
    • Brain sex
    • l
    • Język tekstu
    • (pol.)
    • 9
    • KHW
    • 433417
245 -Strefa tytułu i oznaczenia odpowiedzialności [1,0]
    • a
    • Tytuł
    • Płeć mózgu : Find
    • b
    • Ciąg dalszy tytułu (NP)
    • o prawdziwej różnicy między mężczyzną a kobietą / Find
    • c
    • Pozostałe elementy strefy tytułu i oznaczenia odpowiedzialności (NP)
    • Anne Moir, David Jessel ; przeł. Nina Kancewicz-Hoffman.
260 -Strefa adresu wydawniczego [ , ]
    • a
    • Miejsce wydania (P)
    • Warszawa :
    • b
    • Nazwa wydawcy (P)
    • Państwowy Instytut Wydawniczy,
    • c
    • Data wydania (P)
    • 1993.
300 -Strefa opisu fizycznego [ , ]
    • a
    • Określenie formy książki i/lub objętość (NP)
    • 296, [3] s. :
    • b
    • Oznaczenie ilustracji (NP)
    • il. ;
    • c
    • Format (NP)
    • 20 cm.
336 -Typ zawartości [ , ]
    • a
    • Termin opisujący typ zawartości
    • Tekst
    • b
    • Kod określający zawartość
    • txt
    • 2
    • Źródło (terminu i kodu)
    • rdacontent
337 -Typ mediów [ , ]
    • a
    • Tryb odtwarzania
    • Bez urządzenia pośredniczącego
    • b
    • Kod typu mediów
    • n
    • 2
    • Źródło (terminu i kodu)
    • rdamedia
338 -Typ/rodzaj nośnika [ , ]
    • a
    • Hasło opisujące typ nośnika
    • Wolumin
    • b
    • Kod typu nośnika
    • nc
    • 2
    • Źródło (terminu i kodu)
    • rdacarrier
490 -Strefa serii i książki wielotomowej - forma nie do wyszukiwania [1, ]
    • a
    • Tytuł (P)
    • Biblioteka Myśli Współczesnej Find
830 -Hasło dodatkowe serii i opisu książki wielotomowej - tytuł ujednolicony/tytuł [ ,0]
    • a
    • Tytuł ujednolicony/tytuł (NP)
    • Biblioteka Myśli Współczesnej.
    • p
    • Nazwa części/podserii/sekcji (P)
    • Plus Minus Nieskończoność
    • 9
    • KHW
    • 9027
500 -Uwaga ogólna [ , ]
    • a
    • Uwaga ogólna (NP)
    • Tzw. seria Plus Minus Nieskończoność.
504 -Uwaga dot. bibliogr. załącznikowej [ , ]
    • a
    • Uwaga dot. bibliografii załącznikowej
    • Bibliogr. s. 271-[297].
650 -Hasło przedmiotowe [ ,7]
    • a
    • Hasło przedmiotowe
    • Mózg
    • x
    • Określnik rzeczowy
    • różnica płci.
    • 2
    • Źródło terminu
    • kaba
    • 9
    • KHW
    • 433580
650 -Hasło przedmiotowe [ ,7]
    • a
    • Hasło przedmiotowe
    • Różnica płci.
    • 2
    • Źródło terminu
    • kaba
    • 9
    • KHW
    • 129341
650 -Hasło przedmiotowe [ ,7]
    • a
    • Hasło przedmiotowe
    • Różnica płci (psychologia).
    • 2
    • Źródło terminu
    • kaba
    • 9
    • KHW
    • 129342
700 -Hasło dodatkowe - nazwa osobowa [1, ]
    • a
    • Nazwa osobowa (NP)
    • Jessel, David Find
    • d
    • Daty biograficzne (NP)
    • (1945- ).
    • 9
    • KHW
    • 433413
700 -Hasło dodatkowe - nazwa osobowa [1, ]
    • a
    • Nazwa osobowa (NP)
    • Kancewicz-Hoffman, Nina. Find
    • e
    • Określenie rodzaju współpracy
    • Tł.
    • 9
    • KHW
    • 433414
710 -Hasło dodatkowe - nazwa ciała zbiorowego [2, ]
    • a
    • Nazwa ciała zbiorowego lub nazwa geograficzna jako pierwszy element (NP)
    • Państwowy Instytut Wydawniczy.
    • 4
    • Kod relacji
    • pbl
    • 9
    • KHW
    • 51410
920 -ISBN [ , ]
    • a
    • ISBN
    • 83-06-02321-8 Find
Numer inwentarzowy Status udost. Lokalizacja Data inwentaryzacji Sygnatura
W.181456-2BG1994-10-12W.181456
W.181457-2BG1994-10-12W.181456
Pd.73811BG1994-10-12 
Q.13181BM2019-05-10